[Event "I LIGA CS 2016"]
[Site "Kragujevac"]
[Date "2016.09.14"]
[Round "7.8"]
[White "Radovanovic, Nikola"]
[Black "Brkljaca, Ante"]
[Result "1/2-1/2"]
[WhiteElo "2396"]
[BlackElo "2296"]
[PlyCount "43"]
[EventDate "2016.??.??"]
[WhiteClock "0:07:28"]
[BlackClock "0:31:55"]

1. d4 Nf6 2. c4 e6 3. Nc3 Bb4 4. Qc2 c5 5. dxc5 Na6 6. a3 Bxc3+ 7. Qxc3 Nxc5 8.
b4 Na4 9. Qc2 b5 10. cxb5 Nb6 11. Nf3 Bb7 12. e3 Rc8 13. Qd1 O-O 14. Bb2 d6 15.
Be2 e5 16. O-O Ne4 17. Rc1 Rxc1 18. Qxc1 Qd7 19. Qd1 Qe6 20. Bd3 Nf6 21. Bb1
Rc8 22. h3 1/2-1/2

[Event "I LIGA CS 2016"]
[Site "Kragujevac"]
[Date "2016.09.14"]
[Round "7.9"]
[White "Jovanovic, Sasa M"]
[Black "Zlatanovic, Boroljub"]
[Result "0-1"]
[WhiteElo "2244"]
[BlackElo "2392"]
[PlyCount "74"]
[EventDate "2016.??.??"]
[WhiteClock "0:43:37"]
[BlackClock "0:33:04"]

1. Nf3 Nf6 2. g3 g6 3. b3 Bg7 4. Bb2 O-O 5. Bg2 d6 6. O-O e5 7. d3 Nc6 8. Nbd2
h6 9. Rb1 Be6 10. c4 Qd7 11. Re1 Bh3 12. Bh1 Ng4 13. b4 f5 14. c5 d5 15. b5 Ne7
16. c6 bxc6 17. bxc6 Qxc6 18. Ba3 Rf7 19. Bxe7 Rxe7 20. Qb3 Rd8 21. Qa3 Qd6 22.
Qxd6 Rxd6 23. e3 e4 24. Nd4 Ne5 25. Rec1 Nxd3 26. Rc6 Bxd4 27. Rxd6 cxd6 28.
exd4 Rc7 29. Bg2 Bxg2 30. Kxg2 Rc2 31. Rb8+ Kf7 32. Nf1 Rxf2+ 33. Kg1 Re2 34.
Rb7+ Kf6 35. Rxa7 Ne1 36. a4 Nf3+ 37. Kh1 Rf2 0-1

[Event "I LIGA CS 2016"]
[Site "Kragujevac"]
[Date "2016.09.14"]
[Round "7.10"]
[White "Novoselski, Zoran"]
[Black "Lekic, Miodrag"]
[Result "1-0"]
[WhiteElo "2323"]
[BlackElo "2240"]
[PlyCount "65"]
[EventDate "2016.??.??"]
[WhiteClock "0:54:01"]
[BlackClock "0:02:20"]

1. e4 d6 2. d4 Nf6 3. Nc3 g6 4. f4 Bg7 5. Nf3 O-O 6. Bd3 Nc6 7. O-O Bg4 8. Be3
e5 9. fxe5 dxe5 10. d5 Nd4 11. Be2 Bxf3 12. Bxf3 c6 13. dxc6 bxc6 14. Na4 Qa5
15. b3 Rad8 16. c3 Ne6 17. Qc2 h6 18. Be2 Qc7 19. Kh1 Nf4 20. Bc4 Nd7 21. Qf2
Nf6 22. Qf3 g5 23. Bc5 Rfe8 24. g3 Nh3 25. Be3 Re7 26. Nc5 Qc8 27. Qg2 g4 28.
Rf5 Nd7 29. Raf1 Nxc5 30. Bxc5 Rdd7 31. Qe2 Re6 32. Qxg4 Ng5 33. h4 1-0

[Event "I LIGA CS 2016"]
[Site "Kragujevac"]
[Date "2016.09.14"]
[Round "7.11"]
[White "Ivanovic, Lazar"]
[Black "Radovic, Janko"]
[Result "1/2-1/2"]
[WhiteElo "2017"]
[BlackElo "2258"]
[PlyCount "67"]
[EventDate "2016.??.??"]
[WhiteClock "0:00:56"]
[BlackClock "0:03:31"]

1. d4 Nf6 2. c4 e6 3. Nc3 d5 4. cxd5 exd5 5. Bg5 Be7 6. Qc2 O-O 7. e3 h6 8. Bh4
Be6 9. Nf3 c5 10. dxc5 Nc6 11. Be2 Qa5 12. O-O Qxc5 13. Rac1 Rac8 14. Rfd1 Qa5
15. Qb1 a6 16. a3 Rfd8 17. Bd3 Bg4 18. Bf5 Bxf3 19. gxf3 Ra8 20. Ne2 Ne5 21.
Bg3 Nc4 22. Kg2 Nh5 23. Nd4 Nxg3 24. hxg3 Qb6 25. Rc2 Bf6 26. Qa2 g6 27. Bd3
Rac8 28. b3 Nd6 29. Ne2 Rxc2 30. Qxc2 Kg7 31. Qb1 Nb5 32. a4 Nc7 33. Nf4 Ne6
34. Nxe6+ 1/2-1/2

[Event "I LIGA CS 2016"]
[Site "Kragujevac"]
[Date "2016.09.14"]
[Round "7.12"]
[White "Radovic, Luka"]
[Black "Vojinovic, Luka"]
[Result "1/2-1/2"]
[WhiteElo "2254"]
[BlackElo "2152"]
[PlyCount "47"]
[EventDate "2016.??.??"]
[WhiteClock "0:18:24"]
[BlackClock "0:17:24"]

1. Nf3 c5 2. g3 Nc6 3. Bg2 g6 4. O-O Bg7 5. e4 d6 6. d3 Nf6 7. Nbd2 O-O 8. c3
Rb8 9. a4 a6 10. Re1 Nd7 11. Nc4 b5 12. axb5 axb5 13. Ne3 e5 14. Nd5 Nb6 15.
Bg5 f6 16. Qb3 Be6 17. Be3 Ne7 18. Nd2 Qd7 19. Ra6 Nexd5 20. exd5 Bf7 21. Rea1
Rb7 22. R1a5 Nc8 23. Ne4 f5 24. Ng5 1/2-1/2

[Event "I LIGA CS 2016"]
[Site "Kragujevac"]
[Date "2016.09.14"]
[Round "7.1"]
[White "Ratkovic, Miloje"]
[Black "Zajic, Milan"]
[Result "0-1"]
[WhiteElo "2414"]
[BlackElo "2483"]
[PlyCount "76"]
[EventDate "2016.??.??"]
[WhiteClock "0:07:14"]
[BlackClock "0:05:36"]

1. Nf3 Nf6 2. g3 d5 3. Bg2 e6 4. O-O Be7 5. d3 O-O 6. Nbd2 b5 7. e4 c5 8. Re1
Nc6 9. e5 Nd7 10. Nf1 a5 11. h4 b4 12. h5 Ba6 13. N1h2 a4 14. Ng4 Nd4 15. Nxd4
cxd4 16. b3 a3 17. Bd2 Rc8 18. f4 Rc6 19. Re2 Qc7 20. Be1 Rc8 21. Rc1 Nc5 22.
Nf2 Kh8 23. Kh2 Bb5 24. Rd2 Qd7 25. Qf3 Na6 26. Nh3 Nc7 27. Bf2 Ba6 28. g4 Nb5
29. f5 f6 30. fxe6 Rxe6 31. Bg3 fxe5 32. Qxd5 Nd6 33. Qf3 e4 34. dxe4 Nxe4 35.
Qxe4 Rxe4 36. Bxe4 Qxg4 37. Nf2 Qxh5+ 38. Kg2 Bg5 0-1

[Event "I LIGA CS 2016"]
[Site "Kragujevac"]
[Date "2016.09.14"]
[Round "7.2"]
[White "Djordjevic, Vuk"]
[Black "Milanovic, Slavisa"]
[Result "1/2-1/2"]
[WhiteElo "2416"]
[BlackElo "2395"]
[PlyCount "82"]
[EventDate "2016.??.??"]
[WhiteClock "0:21:54"]
[BlackClock "0:21:10"]

1. d4 e6 2. Nf3 Nf6 3. Bg5 c5 4. e3 Qb6 5. Qc1 d5 6. Bd3 Nc6 7. c3 h6 8. Bxf6
gxf6 9. O-O Bd7 10. Nbd2 cxd4 11. exd4 Rc8 12. Qb1 a5 13. Re1 Be7 14. Nf1 Kf8
15. Ne3 f5 16. a4 Bf6 17. Bb5 Nb8 18. Qd3 Rg8 19. b3 Qc7 20. Rac1 Qf4 21. Nf1
Nc6 22. Bxc6 Bxc6 23. g3 h5 24. Kh1 Qg4 25. Qe2 h4 26. Ne5 Qh3 27. Qh5 Be8 28.
Qh6+ Ke7 29. Nf3 Qg4 30. Qf4 hxg3 31. fxg3 b5 32. axb5 Qxf4 33. gxf4 Bxb5 34.
Ne3 Kd6 35. Ne5 Bh4 36. Nxf7+ Kc7 37. c4 dxc4 38. bxc4 Bc6+ 39. d5 Bxe1 40.
Rxe1 Ba8 41. h4 Rce8 1/2-1/2

[Event "I LIGA CS 2016"]
[Site "Kragujevac"]
[Date "2016.09.14"]
[Round "7.3"]
[White "Blesic, Vaso"]
[Black "Brankovic, Dejan"]
[Result "1/2-1/2"]
[WhiteElo "2350"]
[BlackElo "2352"]
[PlyCount "20"]
[EventDate "2016.??.??"]
[WhiteClock "1:02:20"]
[BlackClock "1:11:09"]

1. e4 c6 2. d4 g6 3. Nc3 Bg7 4. Nf3 d6 5. a4 Nf6 6. Be2 Qc7 7. h3 Nbd7 8. Be3
b6 9. O-O Bb7 10. Nd2 O-O 1/2-1/2

[Event "I LIGA CS 2016"]
[Site "Kragujevac"]
[Date "2016.09.14"]
[Round "7.4"]
[White "Gajic, Mladen"]
[Black "Ivanovic, Dragutin"]
[Result "1/2-1/2"]
[WhiteElo "2346"]
[BlackElo "2291"]
[PlyCount "69"]
[EventDate "2016.??.??"]
[WhiteClock "0:01:00"]
[BlackClock "1:00:37"]

1. d4 d5 2. c4 e6 3. Nc3 Be7 4. Nf3 Nf6 5. Bg5 h6 6. Bh4 O-O 7. e3 b6 8. g4
Nxg4 9. Bxe7 Qxe7 10. Rg1 Nf6 11. Ne5 Nbd7 12. Qf3 Nxe5 13. dxe5 Nd7 14. Qh5 f6
15. cxd5 Nxe5 16. O-O-O f5 17. Qxh6 Ng4 18. Qf4 e5 19. Qc4 Qf7 20. h3 Nf6 21.
Qh4 Ne8 22. Rg5 Nd6 23. Rh5 Qf6 24. Rh8+ Kf7 25. Qxf6+ gxf6 26. Rh7+ Kg6 27.
Rxc7 Rf7 28. Rxf7 Kxf7 29. Be2 Bd7 30. Rh1 b5 31. a3 a5 32. Kb1 Rg8 33. Rc1 Rg2
34. Nd1 Rh2 35. Rc7 1/2-1/2

[Event "I LIGA CS 2016"]
[Site "Kragujevac"]
[Date "2016.09.14"]
[Round "7.5"]
[White "Nikolic, Dragovan"]
[Black "Mladenovic, Stefan"]
[Result "1/2-1/2"]
[WhiteElo "2227"]
[BlackElo "2273"]
[PlyCount "42"]
[EventDate "2016.??.??"]
[WhiteClock "1:08:23"]
[BlackClock "0:45:02"]

1. Nf3 Nf6 2. d4 e6 3. Bf4 c5 4. c3 b6 5. e3 Bb7 6. Nbd2 Be7 7. h3 cxd4 8. exd4
O-O 9. Bd3 d6 10. O-O Nbd7 11. Qe2 a6 12. a4 Re8 13. Ne4 Nxe4 14. Bxe4 Bxe4 15.
Qxe4 d5 16. Qe2 Qc8 17. Rfd1 Qb7 18. Rd3 b5 19. axb5 axb5 20. Rxa8 Rxa8 21. Ne5
Nxe5 1/2-1/2

[Event "I LIGA CS 2016"]
[Site "Kragujevac"]
[Date "2016.09.14"]
[Round "7.6"]
[White "Ivic, Matija"]
[Black "Vuckovic, Branko"]
[Result "1-0"]
[WhiteElo "2156"]
[BlackElo "2263"]
[PlyCount "55"]
[EventDate "2016.??.??"]
[WhiteClock "0:16:33"]
[BlackClock "0:26:36"]

1. d4 d6 2. Nf3 Nf6 3. g3 Bf5 4. Bg2 Qc8 5. O-O Bh3 6. Re1 Bxg2 7. Kxg2 e6 8.
e4 Be7 9. e5 dxe5 10. dxe5 Nfd7 11. Qe2 Nc6 12. Nbd2 O-O 13. h4 Rd8 14. a3 Nf8
15. b4 a6 16. Bb2 Na7 17. Ne4 Qd7 18. Nf6+ gxf6 19. exf6 Bd6 20. Qe3 Ng6 21. h5
Nf4+ 22. gxf4 Qc6 23. Kh3 Qxc2 24. Nd4 Qxb2 25. Qg3+ Kf8 26. Rxe6 fxe6 27. Qg7+
Ke8 28. Qg8+ 1-0

[Event "I liga CS 2016."]
[Site "Kragujevac,hotel Sumarice"]
[Date "2016.09.14"]
[Round "7.4"]
[White "Dimitrov, Radoslav"]
[Black "Chatalbashev, Boris"]
[Result "1/2-1/2"]
[WhiteElo "2489"]
[BlackElo "2542"]
[PlyCount "26"]
[EventDate "2016.09.10"]

1. d4 d5 2. c4 c6 3. cxd5 cxd5 4. Nf3 Nf6 5. Nc3 Nc6 6. Bf4 Bf5 7. e3 e6 8. Bd3
Bxd3 9. Qxd3 Bd6 10. Bxd6 Qxd6 11. O-O O-O 12. Rfc1 Rfc8 13. a3 h6 1/2-1/2

[Event "I liga CS 2016."]
[Site "Kragujevac,hotel Sumarice"]
[Date "2016.09.14"]
[Round "7.4"]
[White "Mijailovic, Zoran"]
[Black "Zivkovic, Nemanja"]
[Result "1/2-1/2"]
[WhiteElo "2411"]
[BlackElo "2260"]
[PlyCount "105"]
[EventDate "2016.09.10"]

1. d4 Nf6 2. c4 e6 3. Nf3 b6 4. a3 Bb7 5. Nc3 g6 6. Qd3 Bg7 7. e4 d6 8. Be2
Nbd7 9. O-O O-O 10. h3 e5 11. d5 Nc5 12. Qc2 a5 13. Be3 a4 14. Nd2 Nfd7 15.
Rae1 Bc8 16. Nb5 Ba6 17. Kh2 Bxb5 18. cxb5 Bf6 19. g3 Bg5 20. f4 exf4 21. gxf4
Bh6 22. Bg4 Nf6 23. Bf3 Re8 24. Qc4 Re7 25. e5 Qe8 26. e6 fxe6 27. Bxc5 bxc5
28. dxe6 d5 29. Bxd5 Nxd5 30. Qxd5 Rd8 31. Qg2 Rxe6 32. Rxe6 Qxe6 33. Ne4 Qf5
34. Ng5 Bf8 35. Ne4 Rd4 36. Ng3 Qd5 37. f5 Bd6 38. Qxd5+ Rxd5 39. Kg2 Rd2+ 40.
Rf2 Rxf2+ 41. Kxf2 Be5 42. fxg6 hxg6 43. Ne4 Bxb2 44. Ke2 Bxa3 45. Nc3 c4 46.
Nxa4 Bc1 47. b6 cxb6 48. Nxb6 c3 49. Nd5 Bd2 50. Kd3 Kf7 51. Nxc3 Bxc3 52. Kxc3
Kf6 53. Kd4 1/2-1/2

[Event "I liga CS 2016."]
[Site "Kragujevac,hotel Sumarice"]
[Date "2016.09.14"]
[Round "7.4"]
[White "Nadj Hedjesi, Balind"]
[Black "Milosevic, Aleksandar"]
[Result "1-0"]
[WhiteElo "2311"]
[BlackElo "2269"]
[PlyCount "67"]
[EventDate "2016.09.10"]

1. e4 c5 2. Ne2 Nf6 3. Nbc3 d6 4. d4 cxd4 5. Nxd4 a6 6. Rg1 b5 7. g4 Bb7 8. g5
Nxe4 9. Nxe4 Bxe4 10. Qg4 d5 11. f3 Bg6 12. f4 e6 13. Be3 Qa5+ 14. Bd2 Qb6 15.
f5 Bc5 16. fxg6 Bxd4 17. gxf7+ Kxf7 18. Rg2 Nd7 19. g6+ hxg6 20. Qxg6+ Ke7 21.
O-O-O Rae8 22. Rg3 Kd8 23. Ra3 Kc8 24. Ba5 Qa7 25. Bc3 Bc5 26. b4 Be3+ 27. Kb1
Qb6 28. Bxg7 Rhg8 29. Qf7 Rd8 30. Bh3 Rge8 31. Rxd5 exd5 32. Bxd7+ Rxd7 33.
Qxe8+ Kc7 34. Rc3+ 1-0

[Event "I liga CS 2016."]
[Site "Kragujevac,hotel Sumarice"]
[Date "2016.09.14"]
[Round "7.4"]
[White "Lukic, Dragan M"]
[Black "Krstic, Ranko"]
[Result "1/2-1/2"]
[WhiteElo "2242"]
[BlackElo "2206"]
[PlyCount "22"]
[EventDate "2016.09.10"]

1. e4 d6 2. d4 Nf6 3. Nc3 g6 4. f4 Bg7 5. Nf3 O-O 6. Bd3 Bg4 7. h3 Bxf3 8. Qxf3
Nc6 9. Be3 e5 10. fxe5 dxe5 11. d5 Nd4 1/2-1/2

[Event "I LIGA CS 2016"]
[Site "Kragujevac"]
[Date "2016.09.14"]
[Round "7.15"]
[White "Markovic, Zoran S"]
[Black "Jovanovic, Bojan P"]
[Result "1/2-1/2"]
[WhiteElo "2363"]
[BlackElo "2236"]
[PlyCount "22"]
[EventDate "2016.??.??"]
[WhiteClock "1:16:52"]
[BlackClock "1:19:41"]

1. e4 e6 2. d4 d5 3. Nd2 Be7 4. Ngf3 Nf6 5. e5 Nfd7 6. Bd3 c5 7. c3 a5 8. O-O
b6 9. Re1 Ba6 10. Bxa6 Nxa6 11. Nf1 b5 1/2-1/2

[Event "I LIGA CS 2016"]
[Site "Kragujevac"]
[Date "2016.09.14"]
[Round "7.16"]
[White "Todorovic, Bojan"]
[Black "Vucinic, Gojko"]
[Result "1/2-1/2"]
[WhiteElo "2348"]
[BlackElo "2439"]
[PlyCount "45"]
[EventDate "2016.??.??"]
[WhiteClock "0:12:40"]
[BlackClock "0:30:44"]

1. d4 Nf6 2. c4 g6 3. Nc3 d5 4. cxd5 Nxd5 5. Bd2 Bg7 6. e4 Nxc3 7. Bxc3 O-O 8.
Bc4 c5 9. Ne2 cxd4 10. Bxd4 Qa5+ 11. Bc3 Bxc3+ 12. Nxc3 Nc6 13. O-O Rd8 14. Qe1
Nd4 15. Nd5 Qxe1 16. Raxe1 Be6 17. Rd1 Nc6 18. f4 Rac8 19. Bb3 Kf8 20. f5 Bxd5
21. Bxd5 Ne5 22. Bxb7 Rxd1 23. Bxc8 1/2-1/2

[Event "I LIGA CS 2016"]
[Site "Kragujevac"]
[Date "2016.09.14"]
[Round "7.17"]
[White "Organdziev, Oliver"]
[Black "Arandjelovic, Aleksandar Z"]
[Result "1/2-1/2"]
[WhiteElo "2259"]
[BlackElo "2049"]
[PlyCount "70"]
[EventDate "2016.??.??"]
[WhiteClock "0:02:31"]
[BlackClock "0:27:33"]

1. c4 e6 2. Nc3 Nf6 3. Nf3 d5 4. e3 Be7 5. Be2 O-O 6. O-O c5 7. d4 Nc6 8. b3
cxd4 9. exd4 Ne4 10. Bb2 f5 11. cxd5 Nxc3 12. Bxc3 exd5 13. Ne5 Nxe5 14. dxe5
Be6 15. Bd4 a6 16. a3 Qd7 17. f4 Rac8 18. b4 g5 19. Bd3 g4 20. Qb3 h5 21. Rac1
h4 22. Rfd1 Rxc1 23. Rxc1 Rc8 24. Rc2 Rxc2 25. Qxc2 a5 26. bxa5 Bxa3 27. Qb3
Be7 28. Bb6 Qc6 29. Qc2 Qxc2 30. Bxc2 Bd7 31. Bb3 Bc6 32. Bc2 Bd7 33. Bb3 Bc6
34. Bc2 Bd7 35. Bb3 Bc6 1/2-1/2

[Event "I liga CS 2016."]
[Site "Kragujevac,hotel Sumarice"]
[Date "2016.09.14"]
[Round "7.5"]
[White "Manic, Ljubomir"]
[Black "Dudukovic, Nikola"]
[Result "1/2-1/2"]
[WhiteElo "2152"]
[BlackElo "2356"]
[Annotator "Balkanchess"]
[PlyCount "97"]
[EventDate "2016.09.10"]

1. Nf3 Nf6 2. b3 g6 3. Bb2 Bg7 4. e3 O-O 5. Be2 d6 6. d4 c5 7. h3 cxd4 8. exd4
Nh5 9. O-O Nf4 10. Re1 Nxe2+ 11. Qxe2 Re8 12. c4 Nd7 13. Nc3 Nf6 14. Rad1 Bd7
15. d5 a6 16. Nd4 Qb6 17. Qd2 Qa5 18. a4 Rac8 19. Re2 Rc7 20. Rde1 Kf8 21. g4
Qb6 22. Qf4 Rcc8 23. Rd1 Kg8 24. Rde1 Qd8 25. Kg2 Rc5 26. f3 b5 27. axb5 axb5
28. Ba3 bxc4 29. Bxc5 dxc5 30. Nc6 Bxc6 31. dxc6 Qd4 32. Qxd4 cxd4 33. Nb5 Nd5
34. Kf2 cxb3 35. c7 Rc8 36. Rb2 Bh6 37. Nxd4 Rxc7 38. Rxb3 Bg5 39. Re4 Bh4+ 40.
Kg2 Bf6 41. Ne2 Rc2 42. Kg3 e6 43. f4 h6 44. Rd3 Ne7 45. Kf3 Nc6 46. Ra3 Kg7
47. Raa4 Rd2 48. Ke3 Rb2 49. Kf3 1/2-1/2

[Event "I liga CS 2016."]
[Site "Kragujevac,hotel Sumarice"]
[Date "2016.09.14"]
[Round "7.6"]
[White "Cvetkovic, Zoran"]
[Black "Lalic, Bogdan"]
[Result "0-1"]
[WhiteElo "1728"]
[BlackElo "2434"]
[PlyCount "62"]
[EventDate "2016.09.10"]

1. e4 c5 2. f4 d5 3. e5 Nc6 4. c3 Nh6 5. Nf3 e6 6. d3 f6 7. Be3 Ng4 8. Bg1 fxe5
9. h3 Nh6 10. fxe5 Nf5 11. Bf2 h5 12. Nbd2 g5 13. Qe2 Bd7 14. O-O-O Qe7 15. Nb3
b6 16. Qd2 O-O-O 17. Qe1 Bg7 18. d4 c4 19. Nbd2 Rdf8 20. Be2 g4 21. hxg4 hxg4
22. Nh4 Qg5 23. Nxf5 Qxf5 24. Be3 Ne7 25. Rxh8 Rxh8 26. Qf2 Qg6 27. Qf4 Nf5 28.
Bf2 g3 29. Be1 Ba4 30. Bg4 Nxd4 31. Ne4 Bh6 0-1

[Event "I liga CS 2016."]
[Site "Kragujevac,hotel Sumarice"]
[Date "2016.09.14"]
[Round "7.6"]
[White "Peric, Slavisa"]
[Black "Ilic, Zoran S"]
[Result "1/2-1/2"]
[WhiteElo "2160"]
[BlackElo "2279"]
[PlyCount "37"]
[EventDate "2016.09.10"]

1. d4 Nf6 2. Nf3 g6 3. c4 Bg7 4. Nc3 O-O 5. e4 d6 6. Be2 c5 7. O-O Re8 8. h3
cxd4 9. Nxd4 Nbd7 10. Be3 b6 11. Qd2 Bb7 12. f3 a6 13. Rfe1 e6 14. Bf1 Rc8 15.
b3 Nh5 16. g4 Nhf6 17. Bg2 Nc5 18. Nde2 Qe7 19. Bf4 1/2-1/2

[Event "I liga CS 2016."]
[Site "Kragujevac,hotel Sumarice"]
[Date "2016.09.14"]
[Round "7.6"]
[White "Milosavljevic, Ivan"]
[Black "Maksimovic, Branimir"]
[Result "1-0"]
[WhiteElo "2113"]
[BlackElo "2341"]
[PlyCount "73"]
[EventDate "2016.09.10"]

1. e4 e6 2. d4 d5 3. exd5 exd5 4. Nf3 Bd6 5. Nc3 c6 6. Bd3 Ne7 7. O-O Bg4 8. h3
Bh5 9. Be2 Nd7 10. Nh4 Bxe2 11. Qxe2 O-O 12. Bg5 Re8 13. Qg4 g6 14. Rae1 h5 15.
Qd1 Nf8 16. Re3 Nh7 17. Bh6 Nc8 18. Rxe8+ Qxe8 19. Re1 Qd8 20. Nf3 Ne7 21. g4
hxg4 22. hxg4 Qd7 23. Ne5 Bxe5 24. dxe5 Qe6 25. Bf4 g5 26. Bg3 Ng6 27. f3 Nhf8
28. Ne2 c5 29. Nc3 Rd8 30. Ne4 dxe4 31. Qxd8 exf3 32. Qxg5 Qxa2 33. Qf5 Qxb2
34. Qxf3 Qxc2 35. Qxb7 Qd3 36. Kh2 Nf4 37. Bxf4 1-0

[Event "I liga CS 2016."]
[Site "Kragujevac,hotel Sumarice"]
[Date "2016.09.14"]
[Round "7.6"]
[White "Panic, Nenad"]
[Black "Todorovic, Nenad I"]
[Result "1-0"]
[WhiteElo "2340"]
[BlackElo "2251"]
[PlyCount "69"]
[EventDate "2016.09.10"]

1. d4 Nf6 2. Nf3 e6 3. Bf4 c5 4. e3 cxd4 5. exd4 b6 6. Bd3 Bb7 7. O-O Be7 8.
Re1 O-O 9. h3 d6 10. Nbd2 Nbd7 11. a4 a6 12. Bh2 Qc7 13. c4 Rac8 14. a5 bxa5
15. Nb3 Qb6 16. d5 e5 17. Nxa5 Nc5 18. Bc2 Rb8 19. Ra2 Bd8 20. Qd2 Ba8 21. Nxe5
dxe5 22. Bxe5 Bc7 23. b4 Nce4 24. Bxc7 Nxd2 25. Bxb6 Rxb6 26. Bd3 Nxc4 27. Nxc4
Rxb4 28. d6 Bd5 29. Rc2 Rc8 30. Nb6 Rd8 31. Nxd5 Nxd5 32. d7 Nf6 33. Bf5 Rd4
34. Rc8 Rf8 35. Ree8 1-0

[Event "I liga CS 2016."]
[Site "Kragujevac,hotel Sumarice"]
[Date "2016.09.14"]
[Round "7.6"]
[White "Djukic, Nebojsa"]
[Black "Ilic, Dragan M"]
[Result "1/2-1/2"]
[WhiteElo "2196"]
[BlackElo "2333"]
[PlyCount "22"]
[EventDate "2016.09.10"]

1. e4 e6 2. d4 d5 3. Nd2 Nc6 4. c3 e5 5. dxe5 Nxe5 6. Ngf3 Nxf3+ 7. Nxf3 Nf6 8.
exd5 Qxd5 9. Bg5 Qxd1+ 10. Rxd1 Be6 11. Bxf6 gxf6 1/2-1/2

[Event "I liga CS 2016."]
[Site "Kragujevac,hotel Sumarice"]
[Date "2016.09.14"]
[Round "7.6"]
[White "Zivkovic, Vladislav"]
[Black "Grkovic, Vladan"]
[Result "1/2-1/2"]
[WhiteElo "2166"]
[BlackElo "2178"]
[PlyCount "80"]
[EventDate "2016.09.10"]

1. c4 c6 2. g3 d5 3. Bg2 Nf6 4. Qc2 e5 5. d3 h6 6. Nd2 Be6 7. Ngf3 Nbd7 8. O-O
Be7 9. b3 d4 10. Re1 a5 11. a3 c5 12. Nf1 Qc7 13. Rb1 O-O 14. Bd2 Ra7 15. b4 b6
16. bxa5 bxa5 17. Rb5 Ne8 18. Reb1 Nd6 19. R5b2 a4 20. h3 f5 21. Qc1 Kh7 22.
N3h2 g5 23. f4 gxf4 24. gxf4 Rg8 25. fxe5 Nxe5 26. Bf4 Bg5 27. Bxg5 Rxg5 28.
Nf3 Nxf3+ 29. exf3 Ne8 30. f4 Rg6 31. Kh1 Bc8 32. Qe1 Ng7 33. Qh4 Bd7 34. Ng3
Bc6 35. Kh2 Bxg2 36. Rxg2 Rb7 37. Re1 Rb3 38. Rd2 Qc6 39. Nh5 Qf3 40. Nxg7 Rxg7
1/2-1/2